Sanat - "Tommi" - Benjamin - Statistics

Yleistilastot
  • Tätä visaa on pelattu 43 kertaa
  • Keskiarvotulos 119 / 207
Vastaustilastot
Vastaus % Oikein
se
98%
to
98%
tom
98%
on
95%
Tommi
95%
tullu
93%
sust
90%
seksipommi
88%
saa
83%
naapurin
80%
hei
78%
ja
78%
Oi
75%
oi
75%
millon
73%
jumalauta
70%
sun
63%
liikkeet
58%
mieleni
58%
laukkaamaan
55%
ei
53%
yökylään
53%
en
50%
saatanan
50%
sen
50%
tää
50%
taas
50%
48%
piirteet
48%
terävät
48%
lähteä
45%
Mun
45%
mun
45%
kuka
40%
mistä
40%
kaikki
38%
tahtoisitko
38%
tunnistaa
38%
hiljaisen
35%
nään
35%
pehmeät
35%
pojan
35%
sua
35%
sydän
35%
aukee
33%
Baarin
33%
Enää
33%
että
33%
lupia
33%
ovet
33%
tarvita
33%
kääntää
30%
muistan
30%
tuijottaa
30%
äitien
28%
heti
28%
hupia
28%
kaikkien
28%
meinannu
28%
päät
28%
pitää
28%
hieraisen
25%
menee
25%
silmiäni
25%
mitä
23%
sanoo
23%
vieläkään
23%
asti
20%
meinaa
20%
tuu
20%
voidaan
20%
edes
18%
huulet
18%
joka
18%
miesmallin
18%
siemaisen
15%
lasistani
13%
co
10%
come
10%
nielaisen
10%
aamunkoittoon
8%
kaiken
8%
kiellä
8%
kukaan
8%
meit
8%
mukaan
8%
siitä
8%
Nyt
5%
tarkkaan
5%
tasan
5%
tiedän
5%
silmäni
3%
Ehtoja vastaavia visoja ei löytynyt
Tulosjakauma
Jokaisen tuloksen saaneiden osuus
Persentiili vastausten määrän mukaan
Tuloshistoriasi
Et ole pelannut tätä visaa